Statistics for Top 100 Brands in the World

Click here to take the quiz!

General Stats

  • This quiz has been taken 942 times
    (888 since last reset)
  • The average score is 30 of 100

Answer Stats

RankIndustryCountryAnswer% Correct
1.TechnologyUSAApple
96%
9.RestaurantsUSAMcDonald's
84%
7.TechnologySouth KoreaSamsung
84%
4.TechnologyUSAMicrosoft
79%
3.BeveragesUSACoca-Cola
78%
6.AutomotiveJapanToyota
78%
17.Sporting GoodsUSANike
76%
38.AutomotiveUSAFord
71%
2.TechnologyUSAGoogle
71%
11.AutomotiveGermanyBMW
70%
62.Sporting GoodsGermanyAdidas
68%
10.RetailUSAAmazon
62%
19.AutomotiveJapanHonda
61%
24.BeveragesUSAPepsi
61%
23.TechnologyUSAFacebook
60%
44.AutomotiveGermanyAudi
59%
50.LuxuryItalyGucci
58%
35.AutomotiveGermanyVolkswagen
55%
58.ElectronicsJapanSony
54%
27.RetailSwedenIkea
52%
75.RestaurantUSAKFC
52%
39.AuomotiveSouth KoreaHyundai
49%
49.AutomotiveJapanNissan
45%
74.AutomotiveSouth KoreaKia
44%
12.AutomotiveGermanyMercedes-Benz
44%
13.MediaUSADisney
43%
20.LuxuryFranceLouis Vuitton
40%
67.RestaurantUSAStarbucks
40%
89.AlcoholNetherlandsHeineken
38%
5.Business ServiceUSAIBM
38%
31.AlcoholUSABudweiser
37%
69.LuxuryItalyPrada
35%
8.DiversifiedUSAGeneral Electric
34%
36.BeveragesSwitzerlandNescafe
34%
56.AutomotiveGermanyPorsche
33%
18.TechnologyUSAHP
32%
52.FMCGSwitzerlandNestle
32%
30.ApparelSpainZara
32%
88.TechnologyChinaHuawei
31%
21.ApparelSwedenH&M
29%
61.Financial ServicesUSAVISA
29%
84.AlcoholUSAJack Daniels
28%
76.Financial ServicesUSAMasterCard
27%
32.RetailUSAEBay
26%
85.AutomotiveUSAChevrolet
25%
93.AlcoholMexicoCorona
25%
14.TechnologyUSAIntel
25%
37.Financial ServicesHong KongHSBC
24%
78.EnergyNetherlandsRoyal Dutch Shell
24%
60.DiversifiedIndiaTata
24%
86.TransportationUSAFedEx
23%
94.AlcoholRussiaSmirnoff
22%
25.Financial ServicesUSAAmerican Express
21%
65.ElectronicsJapanPanasonic
21%
29.TransportationUSAUPS
21%
41.LuxuryFranceHermes
20%
33.Financial ServicesUSAJ.P.Morgan
20%
98.AutomotiveUKMini
18%
47.ElectronicsNetherlandsPhilips
18%
81.BeveragesGermanySprite
18%
73.LuxuryUKBurberry
17%
97.Financial ServicesUSAPayPal
17%
70.Financial ServicesSpainSantander
17%
45.Financial ServicesUSACiti
16%
80.TransportationGermanyDHL
16%
53.DiversifiedGermanySiemens
16%
43.FMCGFranceL'OReal
15%
40.ElectronicsJapanCanon
14%
15.TechnologyUSACisco
14%
46.Financial ServicesUSAGoldman Sachs
14%
100.TechnologyChinaLenovo
14%
91.ApparelUSARalph Lauren
14%
57.LuxuryFranceCartier
13%
87.Financial ServicesUSAMorgan Stanley
13%
16.TechnologyUSAOracle
13%
82.FMCGDenmarkLego
12%
28.FMCGUSAPampers
11%
26.TechnologyGermanySAP
11%
54.Financial ServicesGermanyAllianz
10%
79.AutomotiveUSAHarley Davidson
10%
34.FMCGUSAKelloggs
10%
59.DiversifiedUSA3M
9%
68.TechnologyUSAAdobe
9%
48.Financial ServicesFranceAXA
9%
55.FMCGUSAColgate
9%
92.AlcoholUKJohnnie Walker
9%
42.Business ServicesIrelandAccenture
8%
96.ApparelGermanyBoss
8%
51.FMCGSpainDanone
8%
90.MediaUSAMTV
8%
72.DiversifiedUSACaterpillar
7%
83.DiversifiedUSAJohn Deere
7%
64.MediaUSADiscovery
6%
22.FMCGUSAGillette
6%
77.FMCGUSAJohnson&Johnson
6%
71.Business ServicesUSAXerox
6%
99.AlcoholFranceMoet&Chandon
5%
66.LuxuryUSATiffany&Co
5%
95.FMCGUSAKleenex
3%
63.MediaUSAThomas Reuters
2%

Score Distribution

Percentile by Number Answered

Percent of People with Each Score

Your Score History

You have not taken this quiz since the last reset